00552nam a22002057a 450000500170000001000130001702000100003003500130004003700160005304000120006908200180008110000180009924500740011726000330019127000340022430000240025850000190028265000190030165000260032020170124110214.0 aA-709853 c60.00 aA-709853 bCen Lib/Ret aDPLbEN a954.0841bROY aRoy, Santimoy aResponse of Armed Forces freedom struggle of India /cby Santimoy Roy bSuprakashaniaCalcuttac1984 bCalcuttaa8B, Collegee700009 av, 252p. c23cm(Hb) aIncludes index aIndia. -- Army aIndia -- Armed Forces